000 00542nam a2200169 i 4500
001 120956
003 ES-MaACL
005 20230906191646.0
007 t|
008 070214s1946 sp a |||| | spa d
100 1 _aPompey, Francisco.
_992936
245 1 0 _aMuseo de Arte Moderno
_b: guía gráfica y espiritual : con sus 250 mejores cuadros /
_cFrancisco Pompey.
260 _aMadrid :
_bAfrodisio Aguado,
_c1946.
300 _a200 p. :
_bil. ;
_c25 cm.
610 2 4 _aMuseo de Arte Moderno (Madrid)
_9163315
852 _aES-MaACL
_jB-10730
999 _c120956
_d120956